Flagi terytorii autonomicznych i separatystycznych - Statystyki

Ogólne statystyki
  • Ten quiz został rozwiązany 35 razy
  • Średni wynik to 18 z 45
Statystyki odpowiedzi
Obrazkowy Odpowiedź % Poprawnych
Hongkong
93%
Katalonia
89%
Cypr Północny
81%
Makau
81%
Naddniestrze
78%
Bawaria
74%
Tybet
74%
Kurdystan
70%
Abchazja
67%
Kraj Basków
67%
Osetia Południowa
67%
Sahara zachodnia
63%
Somaliland
63%
Zanzibar
63%
Górski Karabach
59%
Czeczenia
52%
Korsyka
52%
Krym
44%
Quebec
44%
Dagestan
37%
Fryzja
33%
Tatarstan
33%
Bretania
30%
Bretania
30%
Jakucja
30%
Ujgur
30%
Wietnam Południowy
30%
Galicja
26%
Kornwalia
26%
Republika Serbska
26%
Górny Śląsk
22%
Gagauzja
19%
Komi
19%
Andaluzja
15%
Kałmucja
15%
Walencja
15%
Ambazonia
11%
Adżaria
7%
Beludżystan
7%
Herceg-Bosna
7%
Karaczajo-Czerkiesja
4%
Ogasawara
4%
Vermont
4%
Wyspa Bougainville'a
4%
Wyspy Galapagos
4%
Nie znaleziono quizów pasujących do podanych kryteriów
Rozkład punktacji
Procent ludzi z każdym wynikiem
Percentyl według liczby udzielonych odpowiedzi
Twoja historia wyników
Nie rozwiązałeś tego quizu